The structure of american history / (Record no. 81060)

MARC details
000 -LEADER
campo de control de longitud fija 00672nam a2200217 i 4500
001 - NÚMERO DE CONTROL
campo de control 81060
003 - IDENTIFICADOR DE NÚMERO DE CONTROL
campo de control ES-MaACL
005 - FECHA Y HORA DE LA ÚLTIMA TRANSACCIÓN
campo de control 20250831014814.0
007 - CAMPO FIJO DE DESCRIPCIÓN FÍSICA--INFORMACIÓN GENERAL
campo de control de longitud fija t|
008 - DATOS DE LONGITUD FIJA--INFORMACIÓN GENERAL
campo de control de longitud fija 041102s1964 xxu ||||1| eng d
100 1# - ENTRADA PRINCIPAL--NOMBRE DE PERSONA
Nombre de persona Hofstadter, Richard.
9 (RLIN) 63970
245 14 - MENCIÓN DEL TÍTULO
Título The structure of american history /
Mención de responsabilidad, etc. Richard Hofstadter, William Miller, Daniel Aaron.
260 ## - PUBLICACIÓN, DISTRIBUCIÓN, ETC.
Lugar de publicación, distribución, etc. [Englewood Cliffs :
Nombre del editor, distribuidor, etc. Prentice Hall,
Fecha de publicación, distribución, etc. 1964]
300 ## - DESCRIPCIÓN FÍSICA
Extensión XIV, 417 p. ;
Dimensiones 23 cm.
651 #4 - PUNTO DE ACCESO ADICIONAL DE MATERIA--NOMBRE GEOGRÁFICO
Nombre geográfico Estados Unidos-
Subdivisión general Historia
9 (RLIN) 8540
700 1# - ENTRADA AGREGADA--NOMBRE PERSONAL
Nombre de persona Miller, William.
9 (RLIN) 81234
700 1# - ENTRADA AGREGADA--NOMBRE PERSONAL
Nombre de persona Aáron, Daniel,
9 (RLIN) 226337
852 ## - LOCALIZACIÓN
Ubicación ES-MaACL
Número de control de estantería C-34573
Sublocalización o colección R.66447
942 ## - ELEMENTOS DE ENTRADA SECUNDARIOS (KOHA)
Fuente del sistema de clasificación o colocación Clasificación decimal universal
Holdings
Estatus retirado Estado de pérdida Estado de daño No para préstamo Biblioteca de origen Biblioteca actual Ubicación en estantería Fecha de adquisición Fuente de adquisición Total de préstamos Signatura topográfica completa Código de barras Visto por última vez Precio de reemplazo Tipo de ítem Koha
        Biblioteca del Ateneo de Madrid Biblioteca del Ateneo de Madrid Depósito 2 17/01/2008     C-34573 1084738 23/02/2023 23/02/2023 Libro impreso